| 000 | 00894nam a2200265Ia 4500 | ||
|---|---|---|---|
| 003 | OSt | ||
| 005 | 20220928124034.0 | ||
| 006 | a|||||r|||| 00| 0 | ||
| 007 | ta | ||
| 008 | 220927b |||||||| |||| 00| 0 eng d | ||
| 020 | _cEURO 84.99 | ||
| 024 | _a140104 | ||
| 037 |
_b232, 06/03/2019, Classic Book Service _cTextual |
||
| 040 |
_aSDCL _cSDCL _beng |
||
| 041 |
_2eng _aeng |
||
| 082 | _aD6,8(B),22:8, Q8 | ||
| 100 |
_aMello Rodrigo Fernandes De _9463161 |
||
| 245 | 0 |
_aMachine learning _b practical approach on the statistical learning theory |
|
| 260 |
_aSwitzerland _bSpringer _c2018 |
||
| 300 |
_axv,362p. _ccm. |
||
| 650 | _aOperational Research | ||
| 700 |
_a Ponti Moacir Antonelli _9463162 |
||
| 942 |
_hD6,8(B),22:8, Q8 _cTEXL _2CC |
||
| 999 |
_c776102 _d776102 |
||